Lotus Agenda Information Management Applications

Gespeichert in:
Bibliographische Detailangaben
1. Verfasser: Guenther, Jeff
Weitere Verfasser: Wayman, Anne
Format: Buch
Sprache:Englisch
Veröffentlicht: [S.l.] Windcrest 1989
Tags: Tag hinzufügen
Keine Tags, Fügen Sie das erste Tag hinzu!

MARC

LEADER 00000nam a2200000 4500
001 c040024
005 20250707091037.5
041 0 |a eng 
044 |a US 
245 1 0 |a Lotus Agenda  |b Information Management Applications  |c Jeff Guenther, Anne Wayman 
264 1 |a [S.l.]  |b Windcrest  |c 1989 
300 |a 268 s. 
100 1 |a Guenther, Jeff 
700 1 |a Wayman, Anne